1311 1775 1880 1412 1986 1565 1384 1974 1515 1491 1692 1560 1656 1909 1466 1557 1844 1176 1369 1723 1725 1419 1753 1804 1087 1454 1794 1484 1824 1694 1791 1067 1582 1359 1832 1306 1369 1665 1117 1390 1763 1984 1859 1005 1861 1972 1950 1286 1282 1482 1727 1670 1514 1219 1804 1837 1453 1121 1288 1994 1826 1801 1003 1307 1733 1399 1578 1556 1403 1723 1384 1772 1379 1149 1020 1817 1107 1622 1704 1396 1719 1896 1863 1387 1227 1473 1669 1449 1138 1716 1742 1005 1149 1961 1557 1290 1150 1571 1638 BCNSPRNW ULIB Ver.6.0+V

เปลี่ยนเป็นภาษาไทย

Change to English
 แสดงรายละเอียดบรรณานุกรม
  กลับหน้าหลัก

Brief Record : Get Marc (ISO 2709) : E-mail record : QR code < ปิดหน้าต่าง
LEADER : 00000nam 2200000uu 4500
001    13399124768
003     ULIB
008    020711s2015 th a 000 0 eng d
020    9781451192933
060  4 QZ4^bB850S
100    Brian Kipp
245    Study Guide for Porth s Essentials of Pathophysiology/^cBrian Kipp
250    4th ed.
260    New york :^bWolters Kluwer,^c2015
300    418 pages;^b27.5 cm
650    Pathophysiology
945    ^p0^l0^i23279
999    ^aทศพร เกษรทอง
รายการนี้ยังไม่มีแท็ก
คุณยังไม่ได้ล็อกอิน คุณสามารถมีกิจกรรมร่วมกับเว็บไซต์ได้ แต่ต้องล็อกอินก่อน ::
  ล็อกอิน

รายการสื่อสารสนเทศ

ลำดับที่ ประเภท เลขเรียก/บาร์โค้ด สถานที่ สถานะ
1. วิทยาศาสตร์การแพทย์ และสุขภาพ
วิทยาศาสตร์การแพทย์ และสุขภาพ
QZ4 B850S ฉ.1 
  Barcode: 23279
ห้องสมุดวิทยาเขตนครสวรรค์
►หนังสือทั่วไป:l:General Books
บนชั้น

รายการใกล้เคียง
    หัวเรื่อง [Pathophysiology]

BibComment


ยังไม่เคยถูกคอมเมนท์

คอมเมนท์ทรัพยากรรายการนี้
  คอมเมนท์: Study Guide for P..


 Copyright 2026. Bcnsprnw @Library